[Event "Aurangabad MyBrain op 1st"]
[Site "Aurangabad"]
[Date "2018.04.29"]
[Round "6"]
[White "Shashikant, Kutwal"]
[Black "Patil, Rohit R"]
[Result "1-0"]
[WhiteElo "2308"]
[BlackElo "1608"]
[PlyCount "67"]
[EventDate "2018.04.28"]
[EventType "swiss (rapid)"]
[EventRounds "9"]
[EventCountry "IND"]
[SourceTitle "CBM 184 Extra"]
[Source "ChessBase"]
[SourceDate "2018.06.28"]
[SourceVersion "1"]
[SourceVersionDate "2018.06.28"]
[SourceQuality "1"]

1. e4 c5 2. Nf3 Nc6 3. Bb5 g6 4. Bxc6 dxc6 5. d3 Bg7 6. h3 Nf6 7. Nc3 c4 8. d4 b5 9. e5 Nd5 10. Ne4 0-0 11. 0-0 f6 12. Re1 fxe5 13. Nxe5 Qc7 14. Nc5 Bf5 15. Bd2 a5 16. a4 b4 17. c3 h6 18. Nxc4 Rae8 19. Ne5 g5 20. Qe2 Bc8 21. Rad1 bxc3 22. bxc3 Nf4 23. Bxf4 Rxf4 24. Ng6 Rf7 25. Ne6 Bxe6 26. Qxe6 Bf6 27. Ne5 Bxe5 28. Qxe5 Qd8 29. Qe6 Kg7 30. Qxc6 Ref8 31. Re6 Rf6 32. Rde1 R8f7 33. Rxf6 Rxf6 34. Qc5 1-0

[Event "IND-ch U25"]
[Site "Kankarbagh"]
[Date "2015.10.16"]
[Round "6"]
[White "Manigandan, SS."]
[Black "Patil, Rohit R"]
[Result "1-0"]
[WhiteElo "2131"]
[BlackElo "1635"]
[PlyCount "39"]
[EventDate "2015.10.13"]
[EventType "swiss"]
[EventRounds "9"]
[EventCountry "IND"]
[SourceTitle "CBM 168 Extra"]
[Source "ChessBase"]
[SourceDate "2015.10.29"]
[SourceVersion "1"]
[SourceVersionDate "2015.10.29"]
[SourceQuality "1"]

1. d4 d5 2. c4 e6 3. Nc3 Nf6 4. Bg5 Be7 5. e3 0-0 6. Nf3 b6 7. Rc1 Bb7 8. Bxf6 Bxf6 9. cxd5 exd5 10. Bd3 g6 11. 0-0 a6 12. b4 Qe7 13. Qb3 c6 14. Rfe1 Nd7 15. e4 dxe4 16. Nxe4 Qd8 17. Bc4 Qb8 18. Nxf6+ Nxf6 19. Re7 Nd5 20. Bxd5 1-0